00895nam a2200193 a 450000100100000000500170001000800410002702000180006804000250008610000450011124500650015626000360022130000210025750000700027895201200034895201110046895201050057999900170068400003916820201002031527.0130606s2013 dr 000 0 spa d a9789945165333 aDO-SdBNPbspacBNPHU1 aCastillo Drullard, Pedro Héctor91175713aEl regreso de Ricardito /cPedro Héctor Castillo Drullard. aSanto Domingo :bBúho,c2013. a183 p. ;c21 cm. aIncluye datos biográficos del autor en la solapa de la cubierta 001052708DSaGRbGRcCTd2013-06-06iLF1l0o p39168-30r2020-06-25te. 3w2020-06-25yLFDSZPréstamo interno 0010718PDaPDbPDcCTd2013-06-06iLF1l0o p39168-10r2020-06-25te. 2w2020-06-25yLFPDZNo se presta 0010718PDaPDbPDcCTd2013-06-06iLF1l0o p39168-20r2020-06-25w2020-06-25yLFPDZNo se presta c38658d38658